<?xml version="1.0" encoding="UTF-8"?><?xml-stylesheet type="text/xsl" href="static/style.xsl"?><OAI-PMH xmlns="http://www.openarchives.org/OAI/2.0/" xmlns:xsi="http://www.w3.org/2001/XMLSchema-instance" xsi:schemaLocation="http://www.openarchives.org/OAI/2.0/ http://www.openarchives.org/OAI/2.0/OAI-PMH.xsd"><responseDate>2026-04-17T17:07:53Z</responseDate><request verb="GetRecord" identifier="oai:www.recercat.cat:10459.1/59526" metadataPrefix="marc">https://recercat.cat/oai/request</request><GetRecord><record><header><identifier>oai:recercat.cat:10459.1/59526</identifier><datestamp>2024-12-05T22:01:43Z</datestamp><setSpec>com_2072_3622</setSpec><setSpec>col_2072_479130</setSpec></header><metadata><record xmlns="http://www.loc.gov/MARC21/slim" xmlns:dcterms="http://purl.org/dc/terms/" xmlns:xsi="http://www.w3.org/2001/XMLSchema-instance" xmlns:doc="http://www.lyncode.com/xoai" xsi:schemaLocation="http://www.loc.gov/MARC21/slim http://www.loc.gov/standards/marcxml/schema/MARC21slim.xsd">
   <leader>00925njm 22002777a 4500</leader>
   <datafield ind2=" " ind1=" " tag="042">
      <subfield code="a">dc</subfield>
   </datafield>
   <datafield ind2=" " ind1=" " tag="720">
      <subfield code="a">Torremadé Pascual, Noèlia</subfield>
      <subfield code="e">author</subfield>
   </datafield>
   <datafield ind2=" " ind1=" " tag="720">
      <subfield code="a">Bozic, Milica</subfield>
      <subfield code="e">author</subfield>
   </datafield>
   <datafield ind2=" " ind1=" " tag="720">
      <subfield code="a">Panizo García, Sara</subfield>
      <subfield code="e">author</subfield>
   </datafield>
   <datafield ind2=" " ind1=" " tag="720">
      <subfield code="a">Barrio Vazquez, Sara</subfield>
      <subfield code="e">author</subfield>
   </datafield>
   <datafield ind2=" " ind1=" " tag="720">
      <subfield code="a">Fernandez Martín, José L.</subfield>
      <subfield code="e">author</subfield>
   </datafield>
   <datafield ind2=" " ind1=" " tag="720">
      <subfield code="a">Encinas Martín, Mario</subfield>
      <subfield code="e">author</subfield>
   </datafield>
   <datafield ind2=" " ind1=" " tag="720">
      <subfield code="a">Goltzman, David</subfield>
      <subfield code="e">author</subfield>
   </datafield>
   <datafield ind2=" " ind1=" " tag="720">
      <subfield code="a">Arcidiacono, Maria V.</subfield>
      <subfield code="e">author</subfield>
   </datafield>
   <datafield ind2=" " ind1=" " tag="720">
      <subfield code="a">Fernández i Giráldez, Elvira</subfield>
      <subfield code="e">author</subfield>
   </datafield>
   <datafield ind2=" " ind1=" " tag="720">
      <subfield code="a">Valdivielso Revilla, José Manuel</subfield>
      <subfield code="e">author</subfield>
   </datafield>
   <datafield ind2=" " ind1=" " tag="260">
      <subfield code="c">2017-04-21T17:59:59Z</subfield>
   </datafield>
   <datafield ind2=" " ind1=" " tag="260">
      <subfield code="c">2017-04-21T17:59:59Z</subfield>
   </datafield>
   <datafield ind2=" " ind1=" " tag="260">
      <subfield code="c">2016-04-01</subfield>
   </datafield>
   <datafield ind2=" " ind1=" " tag="260">
      <subfield code="c">2017-04-21T17:59:59Z</subfield>
   </datafield>
   <datafield ind2=" " ind1=" " tag="520">
      <subfield code="a">Vascular calcification (VC) is a complication of chronic kidney disease that predicts morbidity and mortality. Uremic serum promotes VC, but the mechanism involved is unknown. A role for 1,25(OH)2 D3 in VC has been proposed, but the mechanism is unclear because both low and high levels have been shown to increase it. In this work we investigate the role of 1,25(OH)2 D3 produced in vascular smooth muscle cells (VSMCs) in VC. Rats with subtotal nephrectomy and kidney recipient patients showed increased arterial expression of 1α-hydroxylase in vivo. VSMCs exposed in vitro to serum obtained from uremic rats also showed increased 1α-hydroxylase expression. Those increases were parallel to an increase in VC. After 6 days with high phosphate media, VSMCs overexpressing 1α-hydroxylase show significantly higher calcium content and RUNX2 expression than control cells. 1α-hydroxylase null mice (KO) with subtotal nephrectomy and treated with calcitriol (400 ng/kg) for 2 weeks showed significantly lower levels of vascular calcium content, Alizarin red staining, and RUNX2 expression than wild-type (WT) littermates. Serum calcium, phosphorus, blood urea nitrogen (BUN), PTH, and 1,25(OH)2 D3 levels were similar in both calcitriol-treated groups. In vitro, WT VSMCs treated with uremic serum also showed a significant increase in 1α-hydroxylase expression and higher calcification that was not observed in KO cells. We conclude that local activation of 1α-hydroxylase in the artery mediates VC observed in uremia. © 2016 American Society for Bone and Mineral Research.</subfield>
   </datafield>
   <datafield ind2=" " ind1=" " tag="520">
      <subfield code="a">This work was supported by a Grants form Instituto de Salud Carlos III (ISCIII)-FEDER funds (PI 12/01770, PI 11/00667, PI 14/00707), RedInRen&#xd;
(RD12/0021/0026 and RD12/0021/0023) and Plan de Ciencia, Tecnología e Innovación 2013-2017 del Principado de Asturias (GRUPIN14-028). N.T. is supported by studentship of IRBLleida and Universitat de Lleida. SBV is supported by &#xd;
FICYT (Severo Ochoa Program).</subfield>
   </datafield>
   <datafield ind1="8" ind2=" " tag="024">
      <subfield code="a">http://hdl.handle.net/10459.1/59526</subfield>
   </datafield>
   <datafield tag="653" ind2=" " ind1=" ">
      <subfield code="a">Malalties cardiovasculars</subfield>
   </datafield>
   <datafield tag="653" ind2=" " ind1=" ">
      <subfield code="a">Malalties del ronyó</subfield>
   </datafield>
   <datafield tag="653" ind2=" " ind1=" ">
      <subfield code="a">Vitamina D</subfield>
   </datafield>
   <datafield tag="653" ind2=" " ind1=" ">
      <subfield code="a">Cardiovascular diseases</subfield>
   </datafield>
   <datafield tag="653" ind2=" " ind1=" ">
      <subfield code="a">Kidney diseases</subfield>
   </datafield>
   <datafield tag="653" ind2=" " ind1=" ">
      <subfield code="a">Vitamin D</subfield>
   </datafield>
   <datafield ind2="0" ind1="0" tag="245">
      <subfield code="a">Vascular calcification induced by chronic kidney disease is mediated by an increase of 1α-hydroxylase expression in vascular smooth muscle cells</subfield>
   </datafield>
</record></metadata></record></GetRecord></OAI-PMH>